[Event "TH-S-1168"]
[Site "IECC email"]
[Date "2019.09.13"]
[Round "?"]
[White "Hughes, Peter James"]
[Black "Smoose, Rick"]
[Result "1-0"]
[WhiteElo "1074"]
[BlackElo "1020"]
[PlyCount "51"]
[EventDate "2019.??.??"]
[EventType "tourn (corr)"]
[SourceTitle "Corr 2024"]
[Source "ChessBase"]
[SourceDate "2023.10.19"]
[SourceVersion "1"]
[SourceVersionDate "2023.10.19"]
[SourceQuality "1"]
[WhiteTeam "Australien"]
[BlackTeam "Vereinigte Staaten"]
[WhiteTeamCountry "AUS"]
[BlackTeamCountry "USA"]

1. Nc3 Nf6 2. e4 d6 3. Bc4 e6 4. Nf3 e5 5. Ng5 d5 6. Bb3 c6 7. d4 Bb4 8. dxe5 Nxe4 9. Ngxe4 dxe4 10. 0-0 Be6 11. Nxe4 Bxb3 12. cxb3 Qxd1 13. Rxd1 0-0 14. a3 Be7 15. b4 a5 16. Bd2 Nd7 17. f4 a4 18. Bc3 Nb6 19. Nd6 Rab8 20. Nf5 Rfe8 21. Rd3 Bd8 22. Rg3 g6 23. Nh6+ Kg7 24. Rh3 Nc4 25. Re1 Bb6+ 26. Kf1 1-0

[Event "IECC O-4439"]
[Site "IECC email"]
[Date "2016.11.27"]
[Round "?"]
[White "Mitchell, T T"]
[Black "Smoose, Rick"]
[Result "1-0"]
[WhiteElo "992"]
[BlackElo "1005"]
[PlyCount "65"]
[EventDate "2016.??.??"]
[EventType "swiss (corr)"]
[EventRounds "2"]
[SourceTitle "Corr 2020"]
[Source "ChessBase"]
[SourceDate "2019.09.30"]
[SourceVersion "1"]
[SourceVersionDate "2019.09.30"]
[SourceQuality "1"]
[WhiteTeam "United States"]
[BlackTeam "United States"]
[WhiteTeamCountry "USA"]
[BlackTeamCountry "USA"]

1. e4 e5 2. Nf3 Nc6 3. Bc4 Nf6 4. Bxf7+ Kxf7 5. Ng5+ Ke8 6. Nc3 d5 7. 0-0 Nd4 8. exd5 Nxd5 9. Nge4 Bf5 10. d3 a5 11. Bg5 Be7 12. Bxe7 Kxe7 13. Nxd5+ Qxd5 14. f3 h5 15. c4 Qf7 16. Ng5 Qg6 17. h4 Bxd3 18. Re1 Kd6 19. Ne4+ Ke7 20. Qxd3 Rad8 21. Qa3+ Ke8 22. Qc3 c5 23. Nxc5 Qg3 24. Ne4 Qxh4 25. Qxa5 Nc6 26. Qc3 g5 27. Nf6+ Kf7 28. Nd5 Rhe8 29. Re4 Qg3 30. Qb3 g4 31. Qxb7+ Kf8 32. Qxc6 gxf3 33. Qh6+ 1-0

[Event "IECC O-4185"]
[Site "IECC email"]
[Date "2016.01.29"]
[Round "?"]
[White "Smoose, Rick"]
[Black "MacDonald, Murdo"]
[Result "0-1"]
[WhiteElo "1022"]
[BlackElo "1018"]
[PlyCount "44"]
[EventDate "2016.??.??"]
[EventType "swiss (corr)"]
[EventRounds "2"]
[SourceTitle "Corr 2020"]
[Source "ChessBase"]
[SourceDate "2019.09.30"]
[SourceVersion "1"]
[SourceVersionDate "2019.09.30"]
[SourceQuality "1"]
[WhiteTeam "United States"]
[BlackTeam "Scotland"]
[WhiteTeamCountry "USA"]
[BlackTeamCountry "SCO"]

1. e4 c6 2. Nf3 d5 3. Nc3 Bg4 4. Be2 d4 5. Na4 e6 6. 0-0 b5 7. Ne5 Bxe2 8. Qxe2 Nf6 9. d3 bxa4 10. c4 dxc3 11. bxc3 Nbd7 12. Nxc6 Qc7 13. Nd4 Qxc3 14. Bb2 Qb4 15. Rab1 Ne5 16. f4 Neg4 17. Qc2 Ne3 18. Qc6+ Nd7 19. Qxa8+ Nb8 20. Rfc1 Qd2 21. Rc8+ Ke7 22. Qxb8 Qxg2# 0-1

[Event "IECC O-3437"]
[Site "IECC email"]
[Date "2012.04.23"]
[Round "?"]
[White "Kellaway, Ted"]
[Black "Smoose, Rick"]
[Result "1-0"]
[WhiteElo "1100"]
[BlackElo "1003"]
[PlyCount "125"]
[EventDate "2012.??.??"]
[EventType "swiss (corr)"]
[EventRounds "2"]
[SourceTitle "Telechess CBM 165"]
[Source "ChessBase"]
[SourceDate "2015.03.11"]
[SourceVersion "1"]
[SourceVersionDate "2015.03.11"]
[SourceQuality "1"]
[WhiteTeam "South Africa"]
[BlackTeam "US of America"]
[WhiteTeamCountry "RSA"]
[BlackTeamCountry "USA"]

1. e4 e5 2. Nf3 Bd6 3. d4 f6 4. Bc4 Nh6 5. h3 c5 6. d5 0-0 7. Qd3 a5 8. Nc3 a4 9. Nb5 Nf7 10. Bd2 Bc7 11. d6 Bb6 12. g3 Na6 13. c3 Ba5 14. a3 Rb8 15. Nh4 g5 16. Nf5 Kh8 17. Qc2 b6 18. b4 axb3 19. Qxb3 Bb7 20. f3 Qe8 21. g4 Bc6 22. h4 Rb7 23. Bd5 Bxd5 24. Qxd5 Rb8 25. Ke2 Qe6 26. Ne7 Qxd5 27. Nxd5 Kg7 28. Ne7 Rbc8 29. c4 Rcd8 30. Nf5+ Kg8 31. Be3 Nb8 32. hxg5 Nxg5 33. Rh5 Nc6 34. Bxg5 fxg5 35. Rxg5+ Kh8 36. Rh1 Rf7 37. Kf2 Bd2 38. Ne3 Nd4 39. Rgh5 Nxb5 40. cxb5 Ra8 41. Nc4 Bf4 42. Ra1 h6 43. Nxb6 Rb8 44. Nd5 Bg5 45. a4 c4 46. Ke2 Kg7 47. Ra3 Ra8 48. a5 Rb8 49. b6 Rc8 50. b7 Rd8 51. a6 Rb8 52. Ra2 Rff8 53. a7 Rxb7 54. a8Q Rxa8 55. Rxa8 Rb2+ 56. Kf1 Rb1+ 57. Ke2 Kf7 58. Ra2 Ke6 59. Rh2 Kxd6 60. Rf2 Kc5 61. f4 exf4 62. Rf3 d6 63. Nxf4 1-0

[Event "IECC O-3388"]
[Site "IECC email"]
[Date "2011.11.23"]
[Round "?"]
[White "Smeulders, Thomas"]
[Black "Smoose, Rick"]
[Result "0-1"]
[WhiteElo "787"]
[BlackElo "984"]
[PlyCount "78"]
[EventDate "2011.??.??"]
[EventType "swiss (corr)"]
[EventRounds "2"]
[SourceTitle "Telechess CBM 165"]
[Source "ChessBase"]
[SourceDate "2015.03.11"]
[SourceVersion "1"]
[SourceVersionDate "2015.03.11"]
[SourceQuality "1"]
[WhiteTeam "Belgium"]
[BlackTeam "US of America"]
[WhiteTeamCountry "BEL"]
[BlackTeamCountry "USA"]

1. d4 d5 2. e3 Nf6 3. Nc3 Bg4 4. f3 Bh5 5. g4 Bg6 6. h4 h5 7. g5 Nfd7 8. Nxd5 e6 9. Nf4 c5 10. Bd3 Bxd3 11. Qxd3 Nb6 12. c3 e5 13. Nfe2 Be7 14. Qe4 0-0 15. Qxe5 Nc4 16. Qe4 g6 17. Qxb7 Nd7 18. Qe4 Rb8 19. b3 Ndb6 20. bxc4 Nxc4 21. f4 Re8 22. Rb1 Bxg5 23. hxg5 Rxe4 24. dxc5 Rxb1 25. Nf3 Rxe3 26. Kf2 Re4 27. Ng3 Re6 28. f5 Rxc1 29. Rxc1 Re3 30. Rb1 Qd5 31. Nd4 Qxc5 32. fxg6 fxg6 33. Rb8+ Kf7 34. Nf1 Rxc3 35. Rb7+ Ke8 36. Rb8+ Kd7 37. Rb7+ Kd6 38. Rg7 Qxd4+ 39. Ke2 Qxg7 0-1

[Event "IECC O email"]
[Site "IECC email"]
[Date "2002.10.03"]
[Round "?"]
[White "Perez, Armando"]
[Black "Smoose, Rick"]
[Result "1-0"]
[WhiteElo "1100"]
[BlackElo "994"]
[PlyCount "55"]
[EventDate "2002.??.??"]
[EventType "tourn (corr)"]
[EventRounds "6"]
[SourceTitle "Corr 2008"]
[Source "ChessBase"]
[SourceDate "2008.06.24"]
[SourceVersion "1"]
[SourceVersionDate "2008.06.24"]
[SourceQuality "1"]

1. e4 Nf6 2. e5 Ne4 3. d3 f5 4. dxe4 fxe4 5. Nc3 e6 6. Nxe4 d5 7. exd6 cxd6 8. Bb5+ Nc6 9. Qh5+ g6 10. Qf3 Qa5+ 11. Qc3 Qxb5 12. Qxh8 Qb4+ 13. Nc3 Nd4 14. Rb1 Nxc2+ 15. Kd1 Nd4 16. Bh6 d5 17. Bxf8 Qxf8 18. Qxd4 Bd7 19. Nf3 b6 20. Nxd5 0-0-0 21. Rc1+ Kb8 22. Qf4+ Qxf4 23. Nxf4 Bb5+ 24. Kc2 e5 25. Nxe5 g5 26. Nh5 Rd5 27. Rhe1 g4 28. Nf6 1-0

[Event "IECC M email"]
[Site "IECC email"]
[Date "2000.09.30"]
[Round "?"]
[White "Potter, Carolyn"]
[Black "Smoose, Rick"]
[Result "0-1"]
[WhiteElo "913"]
[BlackElo "985"]
[PlyCount "88"]
[EventDate "2000.??.??"]
[EventType "tourn (corr)"]
[EventRounds "2"]
[SourceTitle "Corr 2008"]
[Source "ChessBase"]
[SourceDate "2008.06.24"]
[SourceVersion "1"]
[SourceVersionDate "2008.06.24"]
[SourceQuality "1"]

1. g3 f5 2. Nf3 e6 3. e3 Nf6 4. Be2 Be7 5. 0-0 d5 6. Nc3 0-0 7. d3 c5 8. d4 Na6 9. a3 Bd7 10. b4 cxd4 11. Nxd4 e5 12. Nf3 Rc8 13. Bb2 e4 14. Nd4 Bd6 15. b5 Nc5 16. a4 b6 17. Ba3 a5 18. Nb3 Nxb3 19. Rb1 Rxc3 20. Bxd6 Re8 21. cxb3 Re6 22. Qc1 Rxc1 23. Rbxc1 Be8 24. Bf4 Qe7 25. Rb1 Qa3 26. Ra1 Qxb3 27. Rfb1 Qc3 28. Rc1 Qb4 29. Bc7 Rc6 30. Rab1 Qxa4 31. Be5 g5 32. Bd1 Qa2 33. Bb3 Qe2 34. Re1 Qxb5 35. Bxf6 Rxf6 36. Red1 Qe2 37. Bxd5+ Kg7 38. Kg2 Bh5 39. Rbc1 f4 40. exf4 gxf4 41. Bc4 Qg4 42. Re1 f3+ 43. Kf1 Qh3+ 44. Kg1 Qg2# 0-1